| 000 | 01032nam a22002897a 4500 | ||
|---|---|---|---|
| 001 | 000691 | ||
| 003 | DO-SdBNP | ||
| 005 | 20240916134111.0 | ||
| 007 | 000691 | ||
| 008 | 151217b1990 sp c 00| 0 spa d | ||
| 020 | _a8432126233 | ||
| 040 |
_aBPMSU _bspa _cBPMSU |
||
| 082 | 4 |
_a591.7 _bV648i 1990 _222 |
|
| 245 | 0 | 3 | _avida íntima de los animales, del río y del estanque |
| 246 | 1 | 4 |
_aLa vida intima de los animales, del río y del estanque : _buna visión original e inédita de las costumbres, problemas y recursos de los animales que habitan en estos ambientes |
| 260 |
_aBarcelona : _bAuriga, _c1990 |
||
| 300 |
_avs. : _bils. ; _c30 cm. |
||
| 490 | 0 | _aAuriga. Ciencia | |
| 505 | _av. 4 : Del río y del estanque -- v.1 : De la prehistoria. | ||
| 590 | _aInventariado, 2024/VM | ||
| 650 | 4 |
_a Conducta animal _xAmérica del Sur |
|
| 650 | 4 |
_aAnimales _xFisiología |
|
| 650 | 4 |
_aAnimales _xHábitos y conducta |
|
| 710 | 2 | _a Disney Enterprises. | |
| 910 | _aVMateo V. Control de calidad. BPMSU | ||
| 942 |
_2ddc _cBK |
||
| 999 |
_c14799 _d14799 |
||